| Registos Bibliográficos associados ao registo de autoridade |
|
Etiqueta de registo: 00000nkm 2200025 450 001 2274946 003 http://id.bnportugal.gov.pt/bib/catbnp/2274946 100 ## $a20260303d1988 m y0pory01030103ba 101 0# $apor 102 ## $aPT 200 1# $a1ª Jornadas de Ciência e Tecnologia em Agricultura, a investigação agrária em Portugal
perante as transformações da agricultura até ao final do século XX, Forum Picoas,
12, 13, 14 outubro 1988$bVisual gráfico]$fComissão Coordenadora de Investigação da Agricultura, Florestas e Pecuária$gVitor Santos 210 #9 $a[Lisboa]$cComissão Coordenadora de Investigação da Agricultura, Florestas e Pecuária,$d1988 215 ## $a1 cartaz$ccolor.$d42x30 cm 317 ## $aColeção Madeira Luís 675 ## $a766(=1:469)"198"(084.5)$vBN$zpor$31302430 702 #1 $95$aSantos,$bVítor$384619 710 02 $aComissão Coordenadora de Investigação da Agricultura, Florestas e Pecuária$31988557 801 #0 $aPT$bBN$gRPC 966 ## $lBN$mICONOG$sCT. 15297 V.$x3 971 ## $cCatmusica8$d20260303 972 ## $d20260305 $e0$vmferro $z0 995 ## $aPRR2026
|
|
|